Leadership and the one minute manager/ (Record no. 97974)

MARC details
000 -LEADER
fixed length control field 00672nam a2200229 a 4500
008 - FIXED-LENGTH DATA ELEMENTS--GENERAL INFORMATION
fixed length control field
020 ## - INTERNATIONAL STANDARD BOOK NUMBER
International Standard Book Number 9780007103416(pbk.)
049 ## - LOCAL HOLDINGS (OCLC)
Holding library MAIN
090 ## - LOCALLY ASSIGNED LC-TYPE CALL NUMBER (OCLC); LOCAL CALL NUMBER (RLIN)
Classification number (OCLC) (R) ; Classification number, CALL (RLIN) (NR) HD57.7
Local cutter number (OCLC) ; Book number/undivided call number, CALL (RLIN) BLA
003 - CONTROL NUMBER IDENTIFIER
control field
005 - DATE AND TIME OF LATEST TRANSACTION
control field 20230120145419.0
040 ## - CATALOGING SOURCE
Transcribing agency NUST
100 1# - MAIN ENTRY--PERSONAL NAME
Personal name Blanchard, Ken.
245 10 - TITLE STATEMENT
Title Leadership and the one minute manager/
Statement of responsibility, etc. Ken Blanchard, Patricia Zigarmi and Drea Zigarmi.
260 ## - PUBLICATION, DISTRIBUTION, ETC.
Place of publication, distribution, etc. London
Name of publisher, distributor, etc. HarperCollins Publishers,
Date of publication, distribution, etc. 1985.
300 ## - PHYSICAL DESCRIPTION
Extent 111 p.
Other physical details ill,
Dimensions 20 cm.
650 #1 - SUBJECT ADDED ENTRY--TOPICAL TERM
Topical term or geographic name entry element Leadership.
700 ## - ADDED ENTRY--PERSONAL NAME
Personal name Zigarmi, Drea.
700 ## - ADDED ENTRY--PERSONAL NAME
Personal name Zigarmi, Patricia.
907 ## - LOCAL DATA ELEMENT G, LDG (RLIN)
a .b10265570
b 27-08-09
c 26-08-09
942 ## - ADDED ENTRY ELEMENTS (KOHA)
Koha item type Ordinary Loan Books
Call number prefix HD57.7
Call number suffix BLA
Holdings
Date last seen Total Checkouts Full call number Barcode Cost, replacement price Price effective from Koha item type Lost status Source of classification or shelving scheme Damaged status Not for loan Collection Withdrawn status Home library Current library Shelving location Date acquired Cost, normal purchase price
01/20/2023 5 HD57.7 BLA 92004011816 80.00 01/20/2023 BOOKS   LCC     NFIC   GSB GSB GEN 01/20/2023 80.00